Riconosci il Pokémon - Quiz n°391 - Statistics

Statistiche generali
  • Questo quiz è stato fatto 0 volte
  • Il punteggio medio è 0 su 10
Statistiche sulle risposte
Indizio Risposta % Corretto
Altezza 1,2 m
0%
Tasso di cattura 160 (30.9%)
0%
Peso 28,0 kg
0%
Sesso 50% ♂, 50% ♀
0%
Abilità Foltopelo
0%
Pokémon Furfrou
0%
Tasso di allevamento Medio-Veloce
0%
Stadio evoluzione Non si evolve
0%
Tipo Normale
0%
Generazione Sesta
0%
Nessun quiz corrispondente trovato
Distribuzione punteggi
Percentuale di utenti per punteggio
Percentile per numero di risposta
I tuoi punteggi nel tempo
Non hai fatto questo quiz